|
|
|
|
| LEADER |
00856nam a2200217 a 4500 |
| 001 |
754723 |
| 008 |
101021s1967 nyua b 000 0 eng d |
| 010 |
|
|
|a 67011205
|
| 040 |
|
|
|a DLC
|c DLC
|d DLC
|d BD-DhAAL
|
| 082 |
0 |
0 |
|a 519/.1
|2 18
|
| 100 |
1 |
|
|a Drake, Alvin W.
|
| 245 |
1 |
0 |
|a Fundamentals of applied probability theory /
|c Alvin W. Drake.
|
| 260 |
|
|
|a New York :
|b McGraw-Hill,
|c c1967
|
| 300 |
|
|
|a xv, 283 p. :
|b illus. ;
|c 23 cm.
|
| 490 |
0 |
|
|a McGraw-Hill series in probability and statistics.
|
| 504 |
|
|
|a Bibliography: (p. 269-270) and index.
|
| 541 |
1 |
|
|e 00021415
|
| 650 |
|
0 |
|a Probabilities.
|
| 852 |
4 |
|
|a Ayesha Abed Library
|j General Shelf.
|
| 999 |
|
|
|c 9843
|d 9843
|
| 952 |
|
|
|0 0
|1 0
|2 ddc
|4 0
|6 519_100000000000000_DRA_1967
|7 0
|9 12619
|a BRACUL
|b BRACUL
|c GEN
|d 2010-10-21
|e TRIM EDUCATION
|g 7550.00
|l 2
|m 20
|o 519.1 DRA
|p 3010021415
|r 2025-02-03
|s 2025-01-21
|t 1
|w 2010-10-21
|y BK
|